000 nam a22 7a 4500
999 _c9269
_d9269
008 180125b ||||| |||| 00| 0 eng d
100 _aNCERT
_95525
245 _aMari gold - III
260 _aNew Delhi
_bNCERT
_c2006